Solventnost II a interní modely

Stručný úvod do problematiky Solventnosť II ako nového režimu poisťovní a zaisťovní členských štátov Európskej únie. Definícia a použitie interných modelov podľa SII. Hlavné zdroje využitia interných modelov a oblasti rizika.

Salvato in:
Dettagli Bibliografici
Autore principale: Lukášek, Josef
Natura: Capitolo di libro
Lingua:ceco
Soggetti:
Tags: Aggiungi Tag
Nessun Tag, puoi essere il primo ad aggiungerne!!

MARC

LEADER 00000naa a2200000 4500
001 0143913
005 20220729111455.6
041 0 |a cze 
044 |a CZ 
245 1 0 |a Solventnost II a interní modely  |c Josef Lukášek 
520 |a Stručný úvod do problematiky Solventnosť II ako nového režimu poisťovní a zaisťovní členských štátov Európskej únie. Definícia a použitie interných modelov podľa SII. Hlavné zdroje využitia interných modelov a oblasti rizika. 
610 2 0 |a poisťovníctvo 
610 2 0 |a poisťovne 
610 2 0 |a poistenie 
610 2 0 |a zaistenie 
610 2 0 |a trh poistný 
610 2 0 |a druhy poistenia 
610 2 0 |a podmienky poistné 
610 2 0 |a riziko poistné 
610 2 0 |a Európska únia 
610 2 0 |a smernice 
610 2 0 |a IFRS 
100 1 |a Lukášek, Josef